Visualizzazione normale
Vista MARC
- Eilenberg
di Personal Name
Records bibliografici associati: 1
001 - CONTROL NUMBER
- control field: 9149
003 - CONTROL NUMBER IDENTIFIER
- control field: IT-RoPau
005 - DATE AND TIME OF LATEST TRANSACTION
- control field: 20140113214247.0
008 - FIXED-LENGTH DATA ELEMENTS
- fixed length control field: 140113|| aca||aabn | a|a d
040 ## - CATALOGING SOURCE
- Original cataloging agency: IT-RoPau
- Transcribing agency: IT-RoPau
100 ## - HEADING--PERSONAL NAME
- Personal name: Eilenberg
- Miscellaneous information: Codice autore musica SPICS: 14491
- Relator term: Autore musica
- Name of part/section of a work: The Mill in the Black Forest
670 ## - SOURCE DATA FOUND
- Source citation: Work cat.: (IT-RoPau)100515: Glahé Will 9134, Polka King (The)